000 01244cam a2200325u 4500
001 8338
003 FISKH
005 20260302135634.0
007 cr_|||||||||||
008 830517s1903 njuaf 000 0 eng
010 _a 04009732
020 _a9780439830133
035 _a10073292
040 _aDLC
_cCarP
_dDLC
_beng
050 _aE234 .A46
082 _a 973.3
100 1 _aRichardson, W. H.
245 1 0 _aValley forge /
_cby Richard Ammon ; illustrated by Bill Farnsworth
250 _aFirst Scholastic printing, January 2006.
260 _aNew York :
_bScholastic,
_c2004.
300 _a32 pages :
_bcolor illustrations ;
_c28 cm
520 _aPresents an illustrated account of the beginnings of the Revolutionary War, and tells the story of how George Washington transformed his army of ordinary citizens into an unbeatable fighting force over the course of a difficult winter at Valley Forge.
530 _aAlso available in digital form.
651 0 _aValley Forge (Pa.)
_xHistory
_yRevolution, 1775-1783.
651 0 _aValley Forge (Pa.)
_xDescription and travel.
700 _aFarnsworth, Bill
_eillustrator
906 _a0
_bcbc
_cpremunv
_du
_encip
_f19
_gy-gencatlg
942 _2ddc
_cBK
_n0
999 _c8338
_d8338